Особенности финансового поведение индивида в контексте социально-экономического благополучия; Экономика и предпринимательство; № 12-2

Bibliografske podrobnosti
Parent link:Экономика и предпринимательство: научный журнал.— , 2007-
№ 12-2.— 2015.— [С. 749-751]
Glavni avtor: Кашапова Э. Р. Эльмира Рамисовна
Korporativna značnica: Национальный исследовательский Томский политехнический университет (ТПУ) Институт социально-гуманитарных технологий (ИСГТ) Кафедра экономики (ЭКОН)
Izvleček:Заглавие с экрана
В статье анализируются особенности финансового поведения людей. Выявлены ошибки в поведении индивидов, препятствующие принятию финансово-грамотных решений. Обосно вана необходимость повышения уровня финансовой грамотности.
The article analyzes the characteristics of financial behavior of people. We outline the biases in the behavior of individuals, hampering the adoption of financial and literate decisions. The need for improved financial literacy is substantiated.
Режим доступа: по договору с организацией-держателем ресурса
Jezik:ruščina
Izdano: 2015
Teme:
Online dostop:http://elibrary.ru/item.asp?id=25138206
Format: MixedMaterials Elektronski Book Chapter
KOHA link:https://koha.lib.tpu.ru/cgi-bin/koha/opac-detail.pl?biblionumber=645920

MARC

LEADER 00000nla0a2200000 4500
001 645920
005 20250401105125.0
035 |a (RuTPU)RU\TPU\network\11025 
090 |a 645920 
100 |a 20160204d2015 k||y0rusy50 ca 
101 0 |a rus 
102 |a RU 
135 |a drcn ---uucaa 
181 0 |a i  
182 0 |a b 
200 1 |a Особенности финансового поведение индивида в контексте социально-экономического благополучия  |d Features of the individual financial behavior in the context of socio-economic well-being  |f Э. Р. Кашапова 
203 |a Текст  |c электронный 
300 |a Заглавие с экрана 
320 |a [Библиогр.: 9 назв.] 
330 |a В статье анализируются особенности финансового поведения людей. Выявлены ошибки в поведении индивидов, препятствующие принятию финансово-грамотных решений. Обосно вана необходимость повышения уровня финансовой грамотности. 
330 |a The article analyzes the characteristics of financial behavior of people. We outline the biases in the behavior of individuals, hampering the adoption of financial and literate decisions. The need for improved financial literacy is substantiated. 
333 |a Режим доступа: по договору с организацией-держателем ресурса 
461 |t Экономика и предпринимательство  |o научный журнал  |d 2007- 
463 |t № 12-2  |v [С. 749-751]  |d 2015 
510 1 |a Features of the individual financial behavior in the context of socio-economic well-being  |z eng 
610 1 |a электронный ресурс 
610 1 |a труды учёных ТПУ 
610 1 |a благополучие 
610 1 |a финансовое поведение 
610 1 |a финансовая грамотность 
610 1 |a ошибки 
700 1 |a Кашапова  |b Э. Р.  |c экономист  |c cтарший преподаватель Томского политехнического университета  |f 1988-  |g Эльмира Рамисовна  |3 (RuTPU)RU\TPU\pers\28094  |9 13053 
712 0 2 |a Национальный исследовательский Томский политехнический университет (ТПУ)  |b Институт социально-гуманитарных технологий (ИСГТ)  |b Кафедра экономики (ЭКОН)  |3 (RuTPU)RU\TPU\col\18375 
801 2 |a RU  |b 63413507  |c 20160204  |g RCR 
856 4 |u http://elibrary.ru/item.asp?id=25138206 
942 |c CF